| 000 | 00423nam a22001217a 4500 | ||
|---|---|---|---|
| 082 | _a200 THE | ||
| 100 |
_aSYED ADNAN QASIM _972605 |
||
| 245 | _aTH-SOF-0807-MODELING REALISTIC PISTON SKIRTS & IST COMPRESSION RING EHL IN THE INITIAL ENGINE | ||
| 260 |
_aISLAMABAD _bNUST COLLEGE OF EME _c2013 |
||
| 650 |
_aPhD MECHANICAL ENGINEERING PHDTHESIS _972606 |
||
| 700 |
_aSUPERVISOR DR MUHAMMAD AFZAAL MALIK _972607 |
||
| 942 | _cCF | ||
| 999 |
_c578601 _d578601 |
||